Responses for Show #9114 - Thursday, May 30, 2024

Adriana Harmeyer game 2.

Contestants

[<< previous game]

Sandee Baker, a real estate broker from Lake Tapps, Washington

Brad Miller, an IT director from Wentzville, Missouri

Adriana Harmeyer, an archivist from West Lafayette, Indiana (whose 1-day cash winnings total $26,200)

[next game >>]

Jeopardy! Round responses

...BUT WHO'S COUNTYING?
GIVING YOU THE THIRD DEGREE
FIRST NAME'S THE SAME
SLANGUAGE
WE HAVE FOOD AT HOME
CANON EVENTS
    $200 18
(Ken: Yeah, he had a bad time.)

Custer

Adriana
    $200 13
gamma

Adriana
    $200 11
Billy

Adriana
    $200 12
cost of living

Adriana
    $200 5
tuna

Adriana
    $200 26
Clarice (Starling)

Sandee
    $400 17
Little Rock

Sandee
    $400 19
Aaron Burr

Sandee
    $400 1
Michelle

Brad
    $400 14
flex

Brad
    $400 6
a sloppy joe

Adriana
    $400 27
John Wick

Adriana
    $2,000 16
(Ken: Adriana?)
(Adriana: Um...)

Iowa

Adriana
    $600 20
Seth

Adriana
    $600 2
Debbie

Brad
    $600 23
charisma

Triple Stumper
    $600 7
(Brad: What is a pear?)

an avocado

AdrianaBrad
    $600 28
Beauty and the Beast

Adriana
    $800 10
Leavenworth

Adriana
    $800 21
Sotomayor

Adriana
    $800 3
Robert

Sandee
    $800 24
slaps

Brad
    $800 8
a cucumber

Triple Stumper
    $800 29
Inigo Montoya

Adriana
    $1000 15
Wisconsin

Adriana
    $1000 22
Bangor

Adriana
    $1000 4
(Brad: Who is Steve?)

Marcus

AdrianaBrad
    $1000 25
the assignment

Adriana
    $1000 9
cherries jubilee

Brad
    $1000 30
Daryl Hannah

Adriana

Scores at the first commercial break (after clue 15):

Adriana Brad Sandee
$4,600 $800 $800

Scores at the end of the Jeopardy! Round:

Adriana Brad Sandee
$9,000 $1,600 $1,800

Double Jeopardy! Round responses

PLAY CHARACTERS
THANKS A "MILL"-ION!
GLASS
NATIONAL COATS OF ARMS
SONGS IN THE KEY OF LIFE
CANNON EVENTS
    $400 11
Romeo

Brad
    $400 2
millimeters

Brad
    $400 23
ultraviolet

Brad
    $400 25
Colombia

Brad
    $400 6
a highway

Adriana
    $400 18
Yorktown

Brad
    $800 12
Ibsen

Adriana
    $800 5
a millstone

Adriana
    $800 16
(Brad: What is silicon?)

lead

AdrianaBrad
    $800 28
the jaguar

Triple Stumper
    $800 7
(Adriana: What is "Candle In The Wind"?)

"The Circle Of Life"

Adriana
Triple Stumper
    $800 30
"Big Bertha"

Sandee
    $1200 13
(Brad: Who is Chris Kyle?)

Colin Powell

Brad
Triple Stumper
    $1200 4
millet

Sandee
    $1200 17
a stained-glass window

Sandee
    $1200 27
Liberia

Brad
    $1200 8
Vampire Weekend

Adriana
    $1200 24
Fort Sumter

Adriana
    $4,000 14
(Ken: Correct, Marat/Sade is the play.)

Marquis de Sade

Adriana
    $1600 1
millennialism (millenarianism)

Sandee
    $1600 19
(Ken: [*] makes Pyrex, yes.)

Corning

Adriana
    $500 26
Andorra

Brad
    $1600 9
(Brad: What is 3
(Doors Down?)
(Sandee: What is Third Day?)

Third Eye Blind

AdrianaBradSandee
    $1600 21
(Ken: Yes, before Trafalgar.)

Nelson

Adriana
    $2000 15
Love Letters

Triple Stumper
    $2000 3
(Ken: It's called [*], a thousand flowers.)

millefleur

Triple Stumper
    $2000 20
(Sandee: Who is Chiluly?)
(Ken: No.)
(Sandee: [*]!)

(Dale) Chihuly

BradSandee
    $2000 29
Romania

Triple Stumper
    $2000 10
Future

Triple Stumper
    $2000 22
Constantinople

Triple Stumper

Scores at the end of the Double Jeopardy! Round:

Adriana Brad Sandee
$22,200 $3,700 $3,000
(lock game)

[wagering suggestions for these scores]

Final Jeopardy! Round responses

AMERICAN BANKING
(Ken: [To Brad] [*] Savings Bank dissolved a few decades ago, but at the time, apparently, the largest savings bank in America.)
SandeeWhat is Hell's Kitchen?
$1,200
BradWhat is Bowery?
$2,301
AdrianaWhat is Battery?
$2,200
the Bowery

Final scores:

Adriana Brad Sandee
$20,000 $6,001 $1,800
2-day champion: $46,200 2nd place: $3,000 3rd place: $2,000

Game dynamics:

Coryat scores:

Adriana Brad Sandee
$21,800 $4,800 $3,000
28 R
(including 1 DD),
2 W
(including 1 DD)
13 R
(including 1 DD),
5 W
8 R,
2 W

Combined Coryat: $29,600

[game clues] [game scores] [suggest correction]

Game tape date: 2024-04-09
The J! Archive is created by fans, for fans. Scraping, republication, monetization, and malicious use prohibited; this site may use cookies and collect identifying information. See terms. The Jeopardy! game show and all elements thereof, including but not limited to copyright and trademark thereto, are the property of Jeopardy Productions, Inc. and are protected under law. This website is not affiliated with, sponsored by, or operated by Jeopardy Productions, Inc. Join the discussion at JBoard.tv.